Statistics for Most Popular Programming Languages April 2021

Click here to take the quiz!

General Stats

  • This quiz has been taken 39 times
  • The average score is 13 of 20

Answer Stats

April 2021Programming LanguageRatingsChange% Correct
1.C14.32%-2.40%
100%
4.C++7.14%+0.36%
100%
5.C#4.91%+0.16%
100%
2.Java11.23%-5.49%
100%
3.Python11.03%+1.72%
97%
7.JavaScript2.44%+0.06%
90%
16.R1.12%-0.42%
86%
13.Ruby1.23%-0.02%
79%
14.Go1.22%-0.13%
66%
9.PHP1.84%-0.54%
66%
10.SQL1.83%-0.34%
62%
15.Swift1.19%-0.32%
59%
11.Classic Visual Basic1.54%+0.71%
48%
18.Perl0.99%+0.03%
48%
6.Visual Basic4.55%-0.18%
48%
19.MATLAB0.99%+0.06%
41%
8.Assembly2.32%+1.16%
38%
20.Fortran0.91%+0.58%
31%
12.Delphi1.47%+0.77%
14%
17.Groovy1.04%+0.86%
14%

Score Distribution

Percentile by Number Answered

Percent of People with Each Score

Your Score History

You have not taken this quiz